Higher secondary mathematics: (Record no. 29526)

MARC details
000 -LEADER
fixed length control field 00841nam a22002297a 4500
005 - DATE AND TIME OF LATEST TRANSACTION
control field 20090824151139.0
008 - FIXED-LENGTH DATA ELEMENTS--GENERAL INFORMATION
fixed length control field 080726s2008 ii a b 001 0 eng
010 ## - LCCN (DPL NO)
LC control number B-355874
020 ## - INTERNATIONAL STANDARD BOOK NUMBER
International Standard Book Number 9788177098761
Terms of availability 250.00
020 ## - INTERNATIONAL STANDARD BOOK NUMBER
International Standard Book Number 8177098764
Terms of availability 250.00
035 ## - SYSTEM CONTROL NUMBER
System control number B-355874
037 ## - SOURCE OF ACQUISITION
Source of stock number/acquisition DBAD / PUB
040 ## - CATALOGING SOURCE
Original cataloging agency dpl
Language of cataloging English
082 ## - DEWEY DECIMAL CLASSIFICATION NUMBER
Classification number 510
100 ## - MAIN ENTRY--PERSONAL NAME
Personal name Aggarwal, R.S.
245 ## - TITLE STATEMENT
Title Higher secondary mathematics:
Statement of responsibility, etc by R.S. Aggarwal
Remainder of title for class XII /
260 ## - PUBLICATION, DISTRIBUTION, ETC. (IMPRINT)
Place of publication, distribution, etc New Delhi
Name of publisher, distributor, etc Bharati Bhawan Publishers & Distributors
Date of publication, distribution, etc 2009
270 ## - ADDRESS
Address 4271/3, Ansar Road, Daryaganj
City New Delhi
Postal code 110002
300 ## - PHYSICAL DESCRIPTION
Extent v, 918, ivp.
Dimensions 25cm(pbk)
942 ## - ADDED ENTRY ELEMENTS (KOHA)
Source of classification or shelving scheme Dewey Decimal Classification
Item type English Books
Call number suffix AGG
Classification part 510
Holdings
Withdrawn status Lost status Source of classification or shelving scheme Damaged status Not for loan Collection code Home library Current library Date acquired Source of acquisition Cost, normal purchase price Total Checkouts Total Renewals Full call number Barcode Date last seen Copy number Cost, replacement price Koha item type
  Written-off vide DLB M. No. 383 dt 16.05.19 Dewey Decimal Classification     Non-fiction Vinoba Puri Central Library 24/08/2009 DBAD / PUB 250.00 14 10 510 AGG B-355874 27/10/2011 1 250.00 English Books

© Delhi Public Library
Hit Counter
free hit counter